000 00236nam a22000857a 4500
008 161129b xxu||||| |||| 00| 0 eng d
100 _91525
_aPaces.S.E
245 _aTales From the Arabian Night
260 _aNew Delhi
_bS.Chand Publication
_c2010
999 _c4254
_d4254